Un secreto inconfesable = A Separate Peace /

Gardado en:
Detalles Bibliográficos
Autor Principal: Yates, Peter (realización)
Outros autores: Kesselman, Wendy (guión) (guión), Varese, Checco (fotógrafo) (fotógrafo), Yates, Toby (montaje) (montaje), Barton, J. (actuación) (actuación), Moore, Toby (actuación) (actuación), Pitts, Jacob (actuación) (actuación)
Formato: Deslizar
Idioma:inglés
Publicado: EUA : Punch 21 : Sugar Brothers Entertainment, 2004
Series:(Paramount Collection)
Temas:
Etiquetas: Engadir etiqueta
Sen Etiquetas, Sexa o primeiro en etiquetar este rexistro!

MARC

LEADER 00000ngm^a2200000^a^4500
001 000186967
005 20250521000000.0
009 20260310102244.049
037 |a Acervo ITESO - Biblioteca 
041 |a ING 
082 |a 810.  |b YAT 
100 |a Yates, Peter  |e (realización) 
245 1 3 |a Un secreto inconfesable =  |b A Separate Peace /  |c Realización de P. Yates. 
264 1 |a EUA :  |b Punch 21 :  |b Sugar Brothers Entertainment,  |c 2004 
264 2 |a México :  |b Paramount Pictures [distribución],  |c 2005, c2005 
300 |a 1 DVD región 4  |c (92 min.) 
336 |a imagen móvil bidimensional  |b tdi  |2 rdacontenido 
337 |a video  |b v  |2 rdamedio 
338 |a videodisco  |b vd  |2 rdasoporte 
440 1 |a (Paramount Collection) 
500 |a Basado en: Paz por separado, de John Knowles 
546 |a En inglés, con subtítulos opcionales: español, inglés 
546 |a Doblaje opcional: español 
649 |a XX 
650 |a Cineastas Ingleses 
650 |a Adolescentes en el Cine 
650 |a Telefilmes 
650 |a Cine por Televisión -  |z EUA 
650 |a Cine Norteamericano -  |y 2000-2009 
650 |a Cine Norteamericano -  |y Siglo XXI 
650 |a Novela Norteamericana -  |x Adaptaciones para Cine 
650 |a Literatura Norteamericana -  |y Siglo XX -  |x Adaptaciones para Cine 
650 |a Literatura y Cine 
650 |a Amistad 
650 |a Culpa 
650 |a Perdón 
650 |a Redención 
650 |a Desarrollo Moral 
650 |a Internados en el Cine 
700 |a Kesselman, Wendy  |e (guión) 
700 |a Varese, Checco  |e (fotógrafo) 
700 |a Yates, Toby  |e (montaje) 
700 |a Barton, J.  |e (actuación) 
700 |a Moore, Toby  |e (actuación) 
700 |a Pitts, Jacob  |e (actuación) 
910 |a Fondo General 
920 |a Audiovisuales - DVDs 
940 |a Películas 
905 |a 302 
901 |a 0500094105  |b IT2  |c DVS  |u 20250521 
902 |a https://opac.biblio.iteso.mx/vufind/Record/000186967